India's contribution to the study of Hadith literature : a survey of the growth and development of Hadith literature in the sub-continent of Pakistan and India from the earliest time down to the nineteenth century, together with the lives and the works of the leading Muhaddithun of the time /

محفوظ في:

المؤلف الرئيسي: Isḥāq, Muḥammad, 1872-1952 (مؤلف)

التنسيق: مخطوطة كتاب

اللغة: English

منشور في: [Dacca] : University of Dacca, 1955.

سلاسل: Bulletin ; 22.

الموضوعات:

الوسوم: إضافة وسم

لا توجد وسوم, كن أول من يضع وسما على هذه التسجيلة!

رقم الطلب: BP136 .I7 1955

LEADER 00973ntm a2200253K 4500
001 8093
003 OSt
005 20250924110036.0
008 130303s1955 pk b 000 0 eng d
040 |c ARCE Library 
043 |a a-ii--- 
050 4 |a BP136 .I7 1955 
100 1 |a Isḥāq, Muḥammad,  |d 1872-1952,  |e author 
245 1 0 |a India's contribution to the study of Hadith literature :  |b a survey of the growth and development of Hadith literature in the sub-continent of Pakistan and India from the earliest time down to the nineteenth century, together with the lives and the works of the leading Muhaddithun of the time /  |c by Muḥammad Isḥāq. 
264 1 |a [Dacca] :   |b University of Dacca,   |c 1955. 
300 |a xiv, 270 pages ;  |c 28 cm. 
490 1 |a Bulletin ;   |v 22. 
504 |a Bibliography : pages [245]-259. 
650 0 |a Hadith  |x History. 
650 0 |a Muslims  |z India. 
830 0 |a Bulletin ;   |v 22. 
901 |a reviewed 
942 |c BK  |2 lcc 
999 |c 9531  |d 9531